000 00825cam a22002651i 4500
001 1227823
003 ARRUPE
005 20160913145501.0
008 790319c19671963mdu 001 0 eng d
035 _a(OCoLC)ocm04756126
035 _a(NNC)1227823
040 _aCUR
_cCUR
_dOCL
_dm.c.
_dZCU
050 _aCB160.W3
100 1 _aWagar, W. Warren.
_925775
245 1 4 _aThe city of man :
_bprophecies of a world civilization in twentieth-century thought /
_cby W. Warren Wagar.
260 _aBaltimore :
_bPenguin Books,
_c1967,
300 _axvi, 310 p. ;
_c18 cm.
490 1 _a"A Pelican Book,"
_vA931.
500 _aIncludes index.
650 0 _aCivilization, Modern
_y20th century.
_913460
650 0 _aProphecies.
_925776
830 0 _aPelican book ;
_vA931.
_925777
942 _2lcc
_cMONOGRAPH
999 _c125235
_d125235